000 00865nam a2200241 i 4500
001 9253
003 ES-MaACL
005 20230906145634.0
007 t|
008 930526s1991 sp ||||1| spa d
020 _a84-88003-00-5
080 _a86(Cano,J.L.1.06)
100 1 _aGuerrero, Antonio.
_960535
245 1 0 _aJosé Luis Cano
_b: de Sonetos de la Bahía a La España de Bonafoux : memoria de un poeta y un crítico de su tiempo /
_cAntonio Gerrero.
250 _a1ª ed.
260 _aAlgeciras :
_bFundación José Luis Cano,
_c[1991]
300 _a142 p. :
_bil ;
_c21 cm.
500 _3I Premio de Literatura de la Fundación José Luis Cano
600 1 4 _aCano, José Luis,
_d1912-1999-
_xCrítica e interpretación
_934533
710 2 _aFundación José Luis Cano.
_94341
852 _aES-MaACL
_jL-16724
_bR.121391
999 _c9253
_d9253